Textilná technológia pre 1. ročník SPŠ textilných, študijný odbor - textilná technológia /

Hlavní autor: Simon, Jaroslav, 1906-1990
Další autoři: Horáček, Jaroslav, 1942-
Jazyk: Slovenština
Vydáno: Bratislava : Alfa, 1984
Vydání: 1. slov. vyd.
Edice: Edícia literatúry pre spotrebný priemysel (Alfa)
Fyzický popis: 243 s.
Knihy
Uloženo v:
LEADER 00966nam a2200265 a 4500
001 000462595
003 CZ BrMZK
005 20100610103254.0
007 ta
008 000105s1984 xo f slo d
040 |a BOA001  |b cze 
041 1 |a slo  |h cze 
080 |a 677.02(075.3)  |2 MRF 
100 1 |a Simon, Jaroslav,  |d 1906-1990  |7 jk01111326  |4 aut 
245 1 0 |a Textilná technológia pre 1. ročník SPŠ textilných, študijný odbor - textilná technológia /  |c Jaroslav Simon, Jaroslav Horáček 
250 |a 1. slov. vyd. 
260 |a Bratislava :  |b Alfa,  |c 1984 
300 |a 243 s. 
490 1 |a Edícia literatúry pre spotrebný priemysel 
700 1 |a Horáček, Jaroslav,  |d 1942-  |7 mzk2003183141  |4 aut 
765 0 |t Textilní techologie  |9 Slovensky 
830 0 |a Edícia literatúry pre spotrebný priemysel (Alfa) 
910 |a BOA001  |b 2-0875.679 
990 |a BK 
996 7 |b 2619319265  |c 2-0875.679  |l MZK  |r Sklad / do 1 hodiny  |n 0  |w 000462595  |u 000010  |a 1  |e BOA001  |j MZK50  |s A